000
00204nam a2200097 4500
999
_c
530810
_d
530810
040
_c
DLC
082
_a
891.4393
_b
UME
100
_a
Umera Ahmed
_9
20888
245
_a
Sehar aik istiara hai
942
_2
ddc
_c
BK